|
|
|
|
| LEADER |
01584nam a2200433 a 4500 |
| 001 |
000697604 |
| 003 |
CZ BrMZK |
| 005 |
20080321115708.0 |
| 007 |
ta |
| 008 |
031121s2003 xr e d 000 0 cze d |
| 015 |
|
|
|a cnb001281735
|
| 020 |
|
|
|a 80-86277-29-1
|q (brož.)
|
| 035 |
|
|
|a (OCoLC)56854971
|
| 040 |
|
|
|a BOA001
|c ze
|d BOA001
|
| 041 |
0 |
|
|a cze
|a ara
|
| 072 |
|
7 |
|a 070
|x Noviny. Tisk. Žurnalistika
|2 Konspekt
|9 12
|
| 072 |
|
7 |
|a 81
|x Lingvistika. Jazyky
|2 Konspekt
|9 11
|
| 080 |
|
|
|a 070.4
|2 MRF
|
| 080 |
|
|
|a 811.411.21
|2 MRF
|
| 080 |
|
|
|a 811.162.3
|2 MRF
|
| 080 |
|
|
|a 81'373.46
|2 MRF
|
| 080 |
|
|
|a 81'374.8-022.215
|2 MRF
|
| 080 |
|
|
|a (038)81
|2 MRF
|
| 100 |
1 |
|
|a Ondráš, František,
|d 1964-
|7 xx0008930
|4 aut
|
| 245 |
1 |
0 |
|a Arabsko-český slovník publicistického stylu /
|c František Ondráš
|
| 260 |
|
|
|a Praha :
|b Set out,
|c 2003
|
| 300 |
|
|
|a 177 s. ;
|c 21 cm
|
| 504 |
|
|
|a Obsahuje rejstřík
|
| 500 |
|
|
|a Dostupné též v digitální podobě v aplikaci Kramerius
|
| 650 |
0 |
7 |
|a publicistika
|7 ph124828
|2 czenas
|
| 650 |
0 |
7 |
|a arabština
|7 ph118564
|2 czenas
|
| 650 |
0 |
7 |
|a čeština
|7 ph135292
|2 czenas
|
| 650 |
0 |
7 |
|a oborová terminologie
|7 ph138998
|2 czenas
|
| 655 |
|
7 |
|a dvojjazyčné překladové slovníky
|7 fd208746
|2 czenas
|
| 655 |
|
7 |
|a terminologické slovníky
|7 fd202538
|2 czenas
|
| 856 |
4 |
1 |
|u http://www.digitalniknihovna.cz/mzk/uuid/uuid:e82bf810-4bce-11e5-8851-005056827e51
|y Digitalizovaný dokument
|x NDK
|
| 910 |
|
|
|a BOA001
|b 2-1125.891
|
| 990 |
|
|
|a BK
|
| 996 |
6 |
|
|b 2610202787
|c 2-1125.891
|l MZK
|r Sklad / do 1 hodiny
|n 2
|p p.v.
|w 000697604
|u 000010
|a 1
|e BOA001
|j MZK50
|s P
|